Diyalog (Record no. 6262)

MARC details
000 -BAŞLIK
Sabit Uzunlukta Kontrol Alanı 00751na a2200265 4500
001 - KONTROL NUMARASI
Denetim Alanı 15833
003 - KONTROL NUMARASI IDENTIFIER
Denetim Alanı MIRAKIL
005 - SON İŞLEM TARİHİ VE ZAMANI
Denetim Alanı 20181213155101.0
008 - SABİT-BOY VERİ ELEMANLARI - GENEL BİLGİLER
Sabit Uzunlukta Kontrol Alanı 160924b tu 000 0
022 ## - ULUSLARARASI STANDART SERİ NUMARASI
Uluslararası Standart Süreli Yayın Numarası 1309050X
035 ## - SİSTEM KONTROL NUMARASI
Sistem Kontrol Numarası 15833
040 ## - KATALOGLAMA KAYNAK
Orijinal Kataloglama Ajansı Milas
Kataloglama Dili tur
Metne Dönüştürmek Ajansı TR-AnCHP
082 ## - DEWEY ONLU SINIFLANDIRMA NUMARASI
Sınıflandırma Numarası 323.05
Ürün Numarası İ57 2009
090 ## - SINIFLAMA NUMARASI
Sınıflama Numarası 323.05 İ57 2009
222 ## - ANAHTAR ADI
Anahtar Başlık Diyalog
245 ## - BAŞLIK TABLOSU
Başlık Diyalog
Başlığın Kalan Dosya: cezasızlık
246 ## - UNVAN FORM VARYING
Başlık Doğru / Kısa Başlığı Dosya: cezasızlık
246 ## - UNVAN FORM VARYING
Başlık Doğru / Kısa Başlığı İnsan hakları için diyalog dergisi
260 ## - YAYIN, DAĞITIM, VB
Yayın, Dağıtım, Vb Yeri Ankara
Yayıncı, Dağıtıcı, Vs Adı Kapasite Geliştirme Derneği
Yayın, Dağıtım, Vb Tarihi 2009-
300 ## - FİZİKSEL TANIM
Kapsam 168 s.
Diğer Fiziksel Ayrıntıları rnkl. res.
Boyutlar 21 sm.
310 ## - MEVCUT YAYIN FREKANSI
Güncel Yayın Frekansı 2 aylık
Geçerli Yayın Frekansının Tarihi Kasım-Aralık 2009
362 ## - YAYIN VE / VEYA SIRALI GÖREVLENDİRİLMESİNE TARİHLERİ
Yayın Ve / Veya Ardışık Kullanım Amacı Tarihleri Yıl 1, Sayı 3
650 ## - KONU KATMA GİRİŞ - TOPİKAL DÖNEM
Topikal Süreli Veya Coğrafi Ad Giriş Elemanı İnsan hakları
Kronolojik Alt Bölümü Süreli yayınlar
Coğrafi Alt Bölümü Türkiye
942 ## - EKLENDİ GİRİŞ ELEMANLARI (KOHA)
Sınıflandırma Veya Raf Düzeni Kaynak Dewey Decimal Classification
Koha Öğesi Türü Books
999 ## - SİSTEM KONTROL NUMARALARI (KOHA)
Koha Biblionumber 6262
Koha Biblioitemnumber 6262
Holdings
Kalıcı Konum Mevcut Konum Edinme Tarihi Edinim Kaynak Toplam Check-Out'Lar Tam Çağrı Numarası Barkod Tarih Son Görülme İtibaren Geçerli Fiyatlar Koha Öğesi Türü
CHP Kütüphanesi CHP Kütüphanesi 09/24/2016 Bağış   323.05 İ57 2009 004164 09/24/2016 09/24/2016 Books